Ballon D'or Winners (Sudden Death) - Statistics

General Stats
  • This quiz has been taken 57 times
  • The average score is 6 of 15
Answers on the Grid
Answers color-coded by a green-red scale on the quiz's grid according to % correct below.
Stanley
Matthews
Lev
Yashin
Vinicius Junior
Denis
Law
Erling Haaland
Pele
Ronaldinho
Luis Figo
Frank Lampard
Rivaldo
Alan Shearer
Luka Modric
Diego Maradona
Andreas Iniesta
Rodri
Josef
Masopust
Roberto Carlos
Eusebio
Xavi
Lothar Matthaus
Thiery Henry
Karim Benzema
Frank Ribery
Ruud Gullit
Matthias Sammer
Steven Gerrard
Fabio Cannavaro
Neymar
Kaka
Luis Suarez
 
Answer Stats
Answer % Correct
Lev
Yashin
73%
Luka Modric
70%
Ronaldinho
70%
Luis Figo
64%
Rodri
64%
Rivaldo
55%
Stanley
Matthews
48%
Denis
Law
39%
Lothar Matthaus
36%
Karim Benzema
30%
Eusebio
27%
Josef
Masopust
21%
Fabio Cannavaro
15%
Kaka
12%
Matthias Sammer
3%
No matching quizzes found
Score Distribution
Percent of People with Each Score
Percentile by Number Answered
Your Score History
You have not taken this quiz